| 000 | 00706nam a2200217Ia 4500 | ||
|---|---|---|---|
| 001 | 21698 | ||
| 005 | 20260407101438.0 | ||
| 008 | 260320s9999||||xx |||||||||||||| ||und|| | ||
| 020 | _a9786123226077 | ||
| 041 | _aESP | ||
| 082 |
_a344.525 _bG23 |
||
| 100 |
_aGarcía Cavero, Percy, _eAUT |
||
| 245 | 0 |
_aDelitos contra el patrimonio : _bun estudio sistemático |
|
| 250 | _aPrimera edición | ||
| 260 |
_aLima : _bInstituto Pacífico _c2025 |
||
| 300 |
_a957 páginas : _bilustraciones ; _c25 cm. |
||
| 650 | _aCIS | ||
| 653 | _aDerecho; Derecho penal; Delitos contra el patrimonio | ||
| 856 |
_uhttps://app-vlex-com.ucsp.lookproxy.com/ _zVéase además: Base de datos Vlex |
||
| 942 |
_cLIB _dJUS _fMIP _2ddc |
||
| 999 |
_c21698 _d21698 |
||